000 00946nam a22001697a 4500
005 20260123085356.0
008 230712b ||||| |||| 00| 0 eng d
040 _cSSBUL
_dSSBUL
082 _223
_a၃၂၈.၅၉၁ ဒု ၁၆၁၁၂ (S-SAT)
245 _aဒုတိယအကြိမ်ပြည်သူ့လွှတ်တော်ပထမအစည်းအဝေးသို့ နိုင်ငံတော်ကောင်စီမှတင်ပြသည့်အစီရင်ခံစာ /
260 _c၁၉၇၈။
300 _a၁၂၆ စာမျက်နှာ၊
_c၂၂ စင်တီ။
500 _aS-SAT: Dr. Prof Sai Aung Tun
650 _aမြန်မာနိုင်ငံပြည်သူ့လွှတ်တော်။
_927829
650 _aလွှတ်တော်အစည်းအဝေးပွဲများ
_zမြန်မာနိုင်ငံ။
_927850
942 _2ddc
_cBK1
999 _c27106
_d27106